[Event "Druzynowe Mistrzostwa Polski - II Liga Seniorow"]
[Site "Ustron/Slaski Zwiazek Szachowy"]
[Date "2008.09.14"]
[Round "8.64"]
[White "Jedrzejewski, Kamil"]
[Black "Waruga, Wojciech"]
[Result "1/2-1/2"]
[WhiteTitle "I"]
[BlackTitle "I"]
[WhiteElo "1961"]
[BlackElo "2017"]

1. e4 e5 2. Nf3 d6 3. d4 exd4 4. Nxd4 Nf6 5. Nc3 a6 6. Be3 b5 7. f3 Be7 8. Qd2
O-O 9. O-O-O Re8 10. g4 b4 11. Nd5 Nxd5 12. exd5 Bb7 13. Nf5 c5 14. Bf4 Bc8 15.
Nxe7+ Rxe7 16. h4 a5 17. h5 f6 18. Bd3 Ba6 19. g5 Bxd3 20. gxf6 Rf7 21. Qxd3
Qxf6 22. Bd2 Nd7 23. f4 Qf5 24. Qxf5 Rxf5 25. h6 g6 26. c4 Re8 27. Rhg1 Kf7 28.
Rg5 Rf6 29. Rf1 Re2 30. f5 Ne5 31. b3 Rh2 32. fxg6+ hxg6 33. Rxf6+ Kxf6 34. Rg3
Rh5 35. Rg2 g5 36. Rf2+ Kg6 37. Rf8 Nf7 38. Kc2 Rxh6 39. Re8 Kf5 40. Kd3 Ne5+
41. Ke3 Rh3+ 42. Kf2 Ng4+ 43. Ke2 Nf6 44. Re6 Ne4 45. Be3 Rh1 46. Kd3 g4 47.
Re7 g3 48. Rf7+ Nf6 49. Rg7 Rd1+ 50. Ke2 Ra1 51. Kf3 Rf1+ 52. Ke2 Ra1 53. Kf3
Rf1+ 1/2-1/2

[Event "Druzynowe Mistrzostwa Polski - II Liga Seniorow"]
[Site "Ustron/Slaski Zwiazek Szachowy"]
[Date "2008.09.14"]
[Round "8.65"]
[White "Szopa, Jan"]
[Black "Banach, Wieslaw"]
[Result "0-1"]
[WhiteTitle "I"]
[BlackTitle "I++"]
[WhiteElo "1992"]
[BlackElo "2095"]

1. e4 e5 2. Nf3 Nc6 3. Bc4 Nf6 4. Qe2 Bc5 5. c3 d6 6. d4 exd4 7. b4 Bb6 8. a4
a5 9. e5 O-O 10. bxa5 Rxa5 11. O-O Nxe5 12. Nxd4 Re8 13. Qa2 Nxc4 14. Qxc4 Be6
15. Qd3 Qd7 16. Nb5 Bf5 17. Qg3 Ne4 18. Qh4 Nxf2 19. Nd4 Nd3 20. Nd2 Qe7 21.
N2f3 Qxh4 22. Nxh4 Bd7 23. Rd1 Bxd4+ 24. cxd4 Nxc1 25. Rdxc1 c5 26. dxc5 dxc5
27. Rc4 Bc6 28. Nf5 g6 29. Nh6+ Kg7 30. Rh4 Re2 31. g3 b5 32. Kf1 Re5 33. g4
Rxa4 34. Rxa4 bxa4 0-1

[Event "Druzynowe Mistrzostwa Polski - II Liga Seniorow"]
[Site "Ustron/Slaski Zwiazek Szachowy"]
[Date "2008.09.14"]
[Round "8.66"]
[White "Grzelachowska, Grazyna"]
[Black "Gonsior, Monika"]
[Result "1-0"]
[WhiteTitle "k"]
[BlackTitle "m"]
[WhiteElo "1983"]
[BlackElo "2131"]

1. f4 e5 2. fxe5 d6 3. exd6 Bxd6 4. Nf3 g5 5. d4 g4 6. Ng5 g3 7. e4 Be7 8. Nxf7
Bb4+ 9. c3 Qf6 10. Be3 Qxf7 11. Be2 Qg7 12. Bh5+ Kd8 13. cxb4 gxh2 14. Bf3 Nf6
15. Qd2 Nc6 16. b5 Ne7 17. Nc3 Ng4 18. Bg5 Rg8 19. Bh4 Ke8 20. O-O-O Ng6 21.
Bg3 Rf8 22. Nd5 Rf7 23. Rdf1 c6 24. bxc6 bxc6 25. Nc3 Ba6 26. Ne2 Qf6 27. Re1
Qe6 28. Nc3 Rd8 29. d5 Qc8 30. e5 cxd5 31. Qd4 Nh6 32. e6 Rf5 33. Rxh2 Ng8 34.
Rxh7 Rf6 35. Bh5 Kf8 36. Bxg6 Rxg6 37. Rf7+ Ke8 38. Qa4+ 1-0

[Event "Druzynowe Mistrzostwa Polski - II Liga Seniorow"]
[Site "Ustron/Slaski Zwiazek Szachowy"]
[Date "2008.09.14"]
[Round "8.67"]
[White "Wawrowski, Zbigniew"]
[Black "Shkapenko, Pavel"]
[Result "0-1"]
[WhiteTitle "k"]
[BlackTitle "IM"]
[WhiteElo "2201"]
[BlackElo "2404"]

1. e4 c5 2. Nf3 e6 3. d4 cxd4 4. Nxd4 a6 5. Nc3 b5 6. Bd3 Qb6 7. Be3 Bc5 8.
Nce2 Bb7 9. Qd2 Qc7 10. Nb3 Be7 11. Na5 Nf6 12. Nxb7 Qxb7 13. Ng3 Nc6 14. f4 d6
15. Be2 d5 16. exd5 Nxd5 17. O-O-O Rd8 18. Bf3 O-O 19. Qf2 Na5 20. Nf5 0-1

[Event "Druzynowe Mistrzostwa Polski - II Liga Seniorow"]
[Site "Ustron/Slaski Zwiazek Szachowy"]
[Date "2008.09.14"]
[Round "8.68"]
[White "Kos, Pawel"]
[Black "Rychlik, Piotr"]
[Result "1/2-1/2"]
[WhiteTitle "k"]
[BlackTitle "I++"]
[WhiteElo "2275"]
[BlackElo "2074"]

1. e4 c5 2. c3 d6 3. d4 Nf6 4. Bd3 Nc6 5. Ne2 e5 6. d5 Ne7 7. Bb5+ Bd7 8. Bxd7+
Nxd7 9. Be3 g6 10. f3 Bg7 11. O-O O-O 12. Nd2 f5 13. b4 cxb4 14. cxb4 Nf6 15.
Nc3 Qd7 16. Rc1 fxe4 17. Ndxe4 Nf5 18. Nxf6+ Bxf6 19. Qd3 Bd8 20. Bf2 Bb6 21.
Ne4 h6 22. Bxb6 axb6 23. Rc2 Kg7 24. Rcf2 Nd4 25. Qd2 Rac8 26. Qe3 b5 27. f4
Nf5 28. Qd3 Nd4 29. h3 b6 30. a3 Ra8 31. Qe3 Rac8 32. Qd3 Rcd8 33. Nd2 Qf5 34.
Ne4 Qd7 35. Rd2 Qf7 36. Nc3 Qf5 37. Qe3 g5 38. Ne2 Nxe2+ 39. Rxe2 gxf4 40. Qxb6
Qd3 41. Ree1 Qxd5 42. Rd1 Qe6 43. Qxb5 d5 44. Rc1 e4 45. Rc6 Rd6 46. Rxd6 Qxd6
47. Rd1 Rd8 48. Rc1 Rb8 49. Qe2 Kh8 50. Rc5 f3 51. Qe3 Rd8 52. Qd4+ Kh7 53. Rb5
Rd7 54. Rc5 Qg3 55. Rc2 Qg6 56. Rf2 Qg5 57. b5 Rg7 58. Qb2 Qe3 59. Kh2 fxg2 60.
Rxg2 Qf4+ 61. Kg1 Qe3+ 62. Kh2 Qf4+ 63. Kg1 Rxg2+ 64. Kxg2 Qf3+ 65. Kh2 Qf4+
66. Kg2 Qf3+ 67. Kh2 e3 68. Qc2+ Kh8 69. Qb2+ Kh7 1/2-1/2

[Event "Druzynowe Mistrzostwa Polski - II Liga Seniorow"]
[Site "Ustron/Slaski Zwiazek Szachowy"]
[Date "2008.09.14"]
[Round "8.69"]
[White "Kowalczuk, Wojciech"]
[Black "Barwinski, Dionizy"]
[Result "1/2-1/2"]
[WhiteTitle "k"]
[BlackTitle "FM"]
[WhiteElo "2201"]
[BlackElo "2183"]

1. e4 c6 2. d4 d5 3. Nd2 dxe4 4. Nxe4 Nd7 5. Bd3 Ngf6 6. Nf3 Nxe4 7. Bxe4 Nf6
8. Bd3 Bg4 9. Be3 e6 10. h3 Bh5 11. Qe2 Qa5+ 12. c3 Bd6 13. a3 O-O 14. g4 Bg6
15. Bxg6 hxg6 16. Nd2 b5 17. O-O Qc7 18. Rad1 Rfe8 19. Nf3 Nd5 20. Bc1 e5 21.
dxe5 Bxe5 22. Nxe5 Rxe5 23. Qf3 Qe7 24. Rd4 Re8 25. c4 bxc4 26. Rxc4 Qe6 27. b3
f6 28. Bb2 Re1 29. Bd4 a6 30. Rxe1 Qxe1+ 31. Kg2 Re6 32. Bc3 Qe2 33. Qxe2 Rxe2
34. Bd4 Re6 35. Kf3 g5 36. Ra4 Nf4 37. h4 c5 38. Be3 Nd3 39. hxg5 fxg5 40. Bxg5
Rb6 41. Be3 Rxb3 42. Rxa6 c4 43. Ke4 Nb2 44. Rb6 Na4 45. Rb4 Rxa3 46. Rxc4 Nc3+
47. Ke5 Ne2 48. Rc5 Ra4 49. g5 Ra6 50. Kf5 g6+ 51. Ke5 Ng1 52. Ke4 Re6+ 53. Kf4
Rd6 54. Rc2 Kf7 55. Kg3 Rd1 56. Kg2 Re1 57. Bd2 Rd1 58. Bc3 Ke6 59. Bf6 Kf5 60.
Be7 Re1 61. Bb4 Re4 62. Bd2 Ne2 63. Rc8 Nf4+ 64. Kf3 Ne6 65. Kg2 Rg4+ 66. Kf1
Nxg5 67. Rf8+ Ke4 68. Ke2 Rg2 69. Rf4+ Ke5 70. Rh4 Ne4 71. Be3 g5 72. Rh8 Nf6
73. Kf3 Rg1 74. Ke2 Rg2 75. Ra8 Kf5 76. Bd4 Rg4 77. Kd3 Rf4 78. Ra5+ Kg6 79.
Ra6 Kf7 80. Be3 Rf5 81. Ra7+ Kg6 82. Bd4 Ng4 83. Ke2 Nf6 1/2-1/2

[Event "Druzynowe Mistrzostwa Polski - II Liga Seniorow"]
[Site "Ustron/Slaski Zwiazek Szachowy"]
[Date "2008.09.14"]
[Round "8.70"]
[White "Bartoszek, Henryk"]
[Black "Gusarow, Mariusz"]
[Result "1-0"]
[WhiteTitle "I"]
[BlackTitle "I+"]
[WhiteElo "1981"]
[BlackElo "2161"]

1. d4 Nf6 2. c4 g6 3. Nc3 Bg7 4. e4 d6 5. Be2 O-O 6. h3 c5 7. Nf3 Nc6 8. d5 Na5
9. O-O Rb8 10. Be3 a6 11. Nd2 Bd7 12. Qc2 b5 13. Rab1 b4 14. Nd1 e6 15. b3 exd5
16. exd5 Nh5 17. Nf3 f5 18. Bg5 Qe8 19. Re1 f4 20. Bd3 Qc8 21. Be7 Bxh3 22. Ng5
Bxg2 23. f3 Bh3 24. Bxf8 Bxf8 25. Bxg6 Bh6 26. Re8+ Kg7 27. Rxc8 Bxc8 28. Nxh7
Ng3 29. Nf2 Ne2+ 30. Kh2 Nd4 31. Qe4 Nxf3+ 32. Qxf3 Kxg6 33. Rg1+ Kxh7 34. Qh5
Rb7 35. Qg6+ Kh8 36. Qg8# 1-0

[Event "Druzynowe Mistrzostwa Polski - II Liga Seniorow"]
[Site "Ustron/Slaski Zwiazek Szachowy"]
[Date "2008.09.14"]
[Round "8.71"]
[White "Sosnowska, Elzbieta"]
[Black "Kmiecik, Emilia"]
[Result "1/2-1/2"]
[WhiteTitle "WFM"]
[BlackTitle "I"]
[WhiteElo "2008"]
[BlackElo "1860"]

1. e4 c5 2. Nf3 a6 3. d4 cxd4 4. Nxd4 Nf6 5. Nc3 e5 6. Nde2 Be7 7. Ng3 d6 8.
Be2 O-O 9. O-O Qc7 10. Bg5 Be6 11. Bxf6 Bxf6 12. Nd5 Bxd5 13. exd5 Nd7 14. c4
g6 15. Ne4 Bg7 16. b4 b6 17. Rc1 Bh6 18. Rc2 f5 19. Nd2 Nf6 20. Nb3 Qf7 21. c5
b5 22. cxd6 Rfd8 23. Rc6 Nxd5 24. a3 Nf4 25. Na5 Bf8 26. Re1 Rd7 27. Bf1 Qf6
28. g3 Nh5 29. Qd5+ Kh8 30. Rxe5 Raa7 31. Re6 Qd8 32. Nb3 Ng7 33. Qe5 Kg8 34.
Nc5 Nxe6 35. Qxe6+ Rf7 36. Rc8 Qb6 37. Bg2 Kg7 38. Qe5+ Kh6 39. Bc6 Bxd6 40.
Qxd6 Rae7 41. Qf4+ Kg7 42. Qd4+ Kh6 43. Bg2 a5 44. Qd5 axb4 45. axb4 Ra7 46.
Ne6 g5 47. g4 Qa6 48. gxf5 Qxc8 49. f6 Qg8 50. Qf3 Qg6 51. Qh3+ Qh5 52. Qf5 Qg6
53. Qh3+ Qh5 54. Qf5 Qg6 55. Qh3+ Qh5 1/2-1/2

[Event "Druzynowe Mistrzostwa Polski - II Liga Seniorow"]
[Site "Ustron/Slaski Zwiazek Szachowy"]
[Date "2008.09.14"]
[Round "8.72"]
[White "Niedzwiedz, Marek"]
[Black "Krogulski, Grzegorz"]
[Result "0-1"]
[WhiteTitle "I++"]
[BlackTitle "m"]
[WhiteElo "2088"]
[BlackElo "2316"]

1. e4 d5 2. exd5 Nf6 3. d4 Nxd5 4. c4 Nb6 5. Nf3 g6 6. Be3 Bg7 7. h3 O-O 8. Nc3
Nc6 9. Qd2 e5 10. d5 Na5 11. b3 f5 12. Bh6 e4 13. Bxg7 Kxg7 14. Nd4 c5 15. dxc6
Nxc6 16. O-O-O Qf6 17. Nxc6 bxc6 18. Qd4 Be6 19. Be2 Rad8 20. Qxf6+ Kxf6 21.
Rxd8 Rxd8 22. Rd1 Rxd1+ 23. Bxd1 Ke5 24. Kd2 f4 25. Bc2 Bf5 26. Ne2 h5 27. h4
c5 28. Kc3 Nd7 29. f3 exf3 30. gxf3 Bxc2 31. Kxc2 Kf5 32. b4 cxb4 33. Nd4+ Ke5
34. Nc6+ Kd6 35. Nxb4 Ne5 36. Nd3 Nxf3 37. Kc3 Nxh4 38. Kd4 f3 39. Ke3 g5 40.
Kf2 Ng6 41. c5+ Kd5 42. c6 Kxc6 43. Kxf3 Kd5 44. Nb4+ Ke6 45. Nc6 0-1

[Event "Druzynowe Mistrzostwa Polski - II Liga Seniorow"]
[Site "Ustron/Slaski Zwiazek Szachowy"]
[Date "2008.09.14"]
[Round "8.73"]
[White "Sygulski, Boguslaw"]
[Black "Graczyk, Konrad"]
[Result "1/2-1/2"]
[WhiteTitle "IM"]
[BlackTitle "II"]
[WhiteElo "2242"]
[BlackElo "1907"]

1. e4 e6 2. d4 d5 3. e5 c5 4. c3 Nc6 5. Nf3 Qb6 6. a3 c4 7. Nbd2 Na5 8. Be2 Bd7
9. O-O O-O-O 10. Ng5 Nh6 11. Qc2 Be7 12. Ndf3 Nb3 13. Rb1 f6 14. Nh3 Nf7 15.
Bf4 Rdg8 16. exf6 1/2-1/2

[Event "Druzynowe Mistrzostwa Polski - II Liga Seniorow"]
[Site "Ustron/Slaski Zwiazek Szachowy"]
[Date "2008.09.14"]
[Round "8.74"]
[White "Polok, Kacper"]
[Black "Augustyn, Sebastian"]
[Result "1-0"]
[WhiteTitle "I"]
[BlackTitle "I++"]
[WhiteElo "1903"]
[BlackElo "2094"]

1. e4 c5 2. Nc3 g6 3. d4 cxd4 4. Qxd4 Nf6 5. Bg5 Nc6 6. Qd2 Bg7 7. O-O-O d6 8.
Bb5 Be6 9. Nge2 O-O 10. Nf4 Qb6 11. Nxe6 fxe6 12. f3 Rac8 13. Bxc6 Rxc6 14. e5
dxe5 15. Ne4 Rfc8 16. c3 Nd5 17. a3 Nxc3 18. bxc3 Rxc3+ 19. Nxc3 e4 20. Be3 Qb3
21. Qb2 Rxc3+ 22. Kb1 Qa4 23. Bh6 Rb3 24. Bxg7 Rxb2+ 25. Bxb2 exf3 26. Rhf1
Qe4+ 27. Ka1 e5 28. Rxf3 Kg7 29. Rdd3 Qe1+ 30. Ka2 h5 31. Rde3 Qd1 32. Rxe5 Kh6
33. Rf8 g5 34. Re6+ Kh7 35. Rh8# 1-0

[Event "Druzynowe Mistrzostwa Polski - II Liga Seniorow"]
[Site "Ustron/Slaski Zwiazek Szachowy"]
[Date "2008.09.14"]
[Round "8.75"]
[White "Bec, Slawomir"]
[Black "Tworuszka, Michal"]
[Result "0-1"]
[WhiteTitle "I"]
[BlackTitle "FM"]
[WhiteElo "1782"]
[BlackElo "2262"]

1. e4 c5 2. Nf3 d6 3. d4 cxd4 4. Nxd4 Nf6 5. Nc3 g6 6. Bc4 Bg7 7. Be3 Nc6 8.
Qd2 Ng4 9. Nxc6 bxc6 10. Bg5 h6 11. Bh4 Ne5 12. Be2 Be6 13. O-O O-O 14. Rfd1
Nc4 15. Bxc4 Bxc4 16. Qe3 g5 17. Bg3 Qa5 18. f4 Rfb8 19. e5 Rxb2 20. fxg5 hxg5
21. Ne4 Qb6 22. Qxb6 Rxb6 23. Nxg5 f6 24. Rd4 Bd5 25. Nf3 dxe5 26. Ra4 Rb2 27.
c4 Be6 28. Rd1 Rc2 29. Bf2 a6 30. Bc5 Kf7 31. Rf1 Ke8 32. Nh4 Rxc4 33. Rxc4
Bxc4 34. Rf2 Rb8 35. h3 Rb1+ 36. Kh2 e6 37. Ng6 f5 38. Bd6 e4 39. Ne5 e3 40.
Rc2 e2 41. Nf3 Bd3 42. Rd2 Rd1 43. Bb4 e5 0-1

[Event "Druzynowe Mistrzostwa Polski - II Liga Seniorow"]
[Site "Ustron/Slaski Zwiazek Szachowy"]
[Date "2008.09.14"]
[Round "8.76"]
[White "Masternak, Aleksander"]
[Black "Czarnecki, Wojciech"]
[Result "1-0"]
[WhiteTitle "k"]
[BlackTitle "I"]
[WhiteElo "2206"]
[BlackElo "2056"]

1. d4 d5 2. c4 c6 3. Nf3 Nf6 4. cxd5 cxd5 5. Nc3 e6 6. Bg5 Be7 7. e3 O-O 8. Bd3
Nc6 9. O-O b6 10. Bxf6 Bxf6 11. Qc2 Nb4 12. Bxh7+ Kh8 13. Qb3 Nxa2 14. Bb1 Nxc3
15. Qxc3 a5 16. e4 Ba6 17. Re1 Rc8 18. Qe3 dxe4 19. Qxe4 g6 20. Ne5 Rc7 21. Re3
Bb7 22. Nxg6+ fxg6 23. Qxg6 Rg7 24. Qh5+ Kg8 25. Rg3 Bxd4 26. Bh7+ Kh8 27. Bf5+
1-0

[Event "Druzynowe Mistrzostwa Polski - II Liga Seniorow"]
[Site "Ustron/Slaski Zwiazek Szachowy"]
[Date "2008.09.14"]
[Round "8.77"]
[White "Jalowiec, Halina"]
[Black "Graczyk, Natalia"]
[Result "1-0"]
[WhiteTitle "WFM"]
[BlackTitle "II"]
[WhiteElo "2073"]
[BlackElo "1723"]

1. e4 c6 2. d4 d5 3. Nc3 dxe4 4. Nxe4 Bf5 5. Ng3 Bg6 6. h4 h6 7. h5 Bh7 8. Nf3
Nd7 9. Bd3 Bxd3 10. Qxd3 Qc7 11. Bd2 Ngf6 12. O-O-O O-O-O 13. Ne4 e6 14. g3 Nc5
15. Nxc5 Bxc5 16. Bf4 Bd6 17. Bd2 Kb8 18. c4 c5 19. Bc3 Rd7 20. Qe2 cxd4 21.
Nxd4 a6 22. Nf3 Rc8 23. Rh4 Ka8 24. Kb1 Qc5 25. Ne1 Rcd8 26. Rhd4 Nxh5 27. Nd3
Qg5 28. Ne5 Bxe5 29. Rxd7 Rxd7 30. Rxd7 Qf5+ 31. Kc1 Bb8 32. Rd2 Nf6 33. Bxf6
Qxf6 34. Qe4 Qe7 35. Qd4 g6 36. c5 h5 37. b4 e5 38. Qc4 f5 39. c6 f4 40. Rd7
Qg5 41. cxb7+ Ka7 42. Qc5# 1-0

[Event "Druzynowe Mistrzostwa Polski - II Liga Seniorow"]
[Site "Ustron/Slaski Zwiazek Szachowy"]
[Date "2008.09.14"]
[Round "8.78"]
[White "Wieclaw, Michal"]
[Black "Fudalej, Michal"]
[Result "1/2-1/2"]
[WhiteTitle "k"]
[BlackTitle "FM"]
[WhiteElo "2220"]
[BlackElo "2309"]

1. e4 c6 2. d4 d5 3. Nc3 g6 4. h3 Bg7 5. Nf3 Nf6 6. Bd3 dxe4 7. Nxe4 Nxe4 8.
Bxe4 O-O 9. c3 Be6 10. O-O Bd5 11. Qe2 Bxe4 12. Qxe4 e6 13. Ne5 Qd5 14. Qe2 c5
15. Rd1 cxd4 16. cxd4 Nc6 17. Nxc6 Qxc6 18. Bf4 Rfc8 19. b3 Qd5 20. Be5 Rd8 21.
Rac1 a6 22. Bc7 Re8 23. Qc4 Qe4 24. Qc5 Bh6 25. Rc4 b5 26. Rc3 Qb7 27. Qd6 Bf8
1/2-1/2

[Event "Druzynowe Mistrzostwa Polski - II Liga Seniorow"]
[Site "Ustron/Slaski Zwiazek Szachowy"]
[Date "2008.09.14"]
[Round "8.79"]
[White "Urbanski, Grzegorz"]
[Black "Kaczmarek, Piotr"]
[Result "1-0"]
[WhiteTitle "I++"]
[BlackTitle "I"]
[WhiteElo "2158"]
[BlackElo "1935"]

1. e4 e5 2. Bc4 Nf6 3. Nc3 Nxe4 4. Qh5 Nd6 5. Bb3 Be7 6. d3 O-O 7. h4 g6 8. Qf3
Nc6 9. Nge2 Nf5 10. h5 Ncd4 11. Nxd4 Nxd4 12. Qg3 Nxb3 13. axb3 d6 14. Bh6 Re8
15. hxg6 fxg6 16. Nd5 Be6 17. Nxe7+ Qxe7 18. Ra4 Qd7 19. Rah4 Re7 20. Bg5 Rf7
21. Rh6 Bf5 22. Qh4 e4 23. g4 exd3 24. gxf5 Re8+ 25. Kf1 dxc2 26. Rxg6+ Rg7 27.
Qxh7+ 1-0

[Event "Druzynowe Mistrzostwa Polski - II Liga Seniorow"]
[Site "Ustron/Slaski Zwiazek Szachowy"]
[Date "2008.09.14"]
[Round "8.80"]
[White "Bernat, Marcin"]
[Black "Rzepka, Krzysztof"]
[Result "1/2-1/2"]
[WhiteTitle "k"]
[BlackTitle "k"]
[WhiteElo "2200"]
[BlackElo "2208"]

1. d4 Nf6 2. c4 g6 3. Nc3 Bg7 4. e4 d6 5. Bd3 e5 6. d5 Nbd7 7. Nge2 a5 8. Bg5
h6 9. Bh4 O-O 10. O-O Nc5 11. Bc2 Bd7 12. f3 Qe8 13. Bf2 Nh5 14. Be3 f5 15.
exf5 gxf5 16. Qd2 Rf6 17. f4 e4 18. b3 Rg6 19. Rab1 Kh7 20. a3 Qg8 21. Rf2 Bf6
22. g3 Qg7 23. Rg2 Re8 24. Kh1 Bd8 25. Rbg1 Nf6 26. Bd4 Qf7 27. Nd1 Bc8 28. Ne3
Ng4 29. h3 Nxe3 30. Qxe3 b6 31. Bc3 Bf6 32. Bxf6 Qxf6 1/2-1/2

[Event "Druzynowe Mistrzostwa Polski - II Liga Seniorow"]
[Site "Ustron/Slaski Zwiazek Szachowy"]
[Date "2008.09.14"]
[Round "8.81"]
[White "Szczyrba, Daniel"]
[Black "Szuminski, Marek"]
[Result "1/2-1/2"]
[WhiteTitle "k"]
[BlackTitle "I+"]
[WhiteElo "2191"]
[BlackElo "2062"]

1. e4 c5 2. Nf3 e6 3. d4 cxd4 4. Nxd4 a6 5. Bd3 Bc5 6. Nb3 Ba7 7. Nc3 Nc6 8.
Qe2 d6 9. Be3 Nf6 10. O-O-O Bxe3+ 11. Qxe3 e5 12. h4 Be6 13. Kb1 O-O 14. h5 h6
15. Be2 Qb8 16. g4 Nh7 17. f4 exf4 18. Qxf4 Bxb3 19. cxb3 Ne5 20. Rd2 b5 21.
Rhd1 Rd8 22. Nd5 Ra7 23. Rc2 Ng5 24. Rdc1 Ne6 25. Qe3 Rb7 1/2-1/2

[Event "Druzynowe Mistrzostwa Polski - II Liga Seniorow"]
[Site "Ustron/Slaski Zwiazek Szachowy"]
[Date "2008.09.14"]
[Round "8.82"]
[White "Piechota, Pawel"]
[Black "Sroka, Janusz"]
[Result "1-0"]
[WhiteTitle "I"]
[BlackTitle "I++"]
[WhiteElo "1965"]
[BlackElo "2156"]

1. d4 Nf6 2. c4 g6 3. Nc3 Bg7 4. e4 d6 5. f3 O-O 6. Be3 Nc6 7. Nge2 a6 8. Qd2
Rb8 9. a4 e5 10. d5 Na5 11. Nc1 c5 12. Rb1 b6 13. b3 Nh5 14. g4 Nf4 15. N1e2 f5
16. gxf5 gxf5 17. Nxf4 exf4 18. Bxf4 Qf6 19. e5 dxe5 20. Bg5 Qd6 21. Rg1 Kh8
22. Kd1 Bd7 23. Be3 Rg8 24. Kc2 Nb7 25. Bd3 Bf6 26. Rxg8+ Rxg8 27. Rg1 Rxg1 28.
Bxg1 Qf8 29. Qg2 Nd6 30. a5 Qd8 31. Qd2 Kg7 32. Qg2+ Kh8 33. Qf2 Nb7 34. axb6
Qxb6 35. Qd2 Na5 36. Qh6 Qxb3+ 37. Kd2 Qb2+ 38. Kd1 Bg7 39. Qxa6 Qa1+ 40. Nb1
h5 41. Bxc5 e4 42. fxe4 Nb3 43. Qxa1 Bxa1 44. Be3 fxe4 45. Bxe4 Be5 46. Kc2 Na5
47. Nd2 Bxh2 48. c5 Be5 49. c6 Bc8 50. Bb6 1-0

[Event "Druzynowe Mistrzostwa Polski - II Liga Seniorow"]
[Site "Ustron/Slaski Zwiazek Szachowy"]
[Date "2008.09.14"]
[Round "8.83"]
[White "Halamus, Agata"]
[Black "Sikorska, Agata"]
[Result "1/2-1/2"]
[WhiteTitle "I++"]
[BlackTitle "m"]
[WhiteElo "1935"]
[BlackElo "2108"]

1. c4 e5 2. Nc3 Nc6 3. g3 g6 4. Bg2 Bg7 5. e4 Nge7 6. Nge2 O-O 7. O-O d6 8. d3
Be6 9. Be3 Qd7 10. Qd2 f5 11. Nd5 Nd8 12. Bg5 Nxd5 13. cxd5 Bf7 14. Rac1 c5 15.
f3 Be8 16. Bh3 Nf7 17. Be3 b6 18. Rf2 Qc8 19. Rcf1 Bd7 20. a3 Qa6 21. Nc1 Rae8
22. Qc2 Qb7 23. Bg2 f4 24. Bd2 h5 25. Ne2 Ng5 26. Kh1 fxg3 27. hxg3 Nh3 28.
Bxh3 Bxh3 29. Rb1 Rf7 30. Ng1 Bc8 31. Bg5 Qd7 32. Qd2 Bf6 33. Bxf6 Rxf6 34. Qg5
Ref8 35. Rbf1 Ba6 36. Rd1 Kh7 37. Kg2 Qa4 38. Rdd2 Qb3 39. Qe3 c4 40. Nh3 cxd3
41. Ng5+ Kg8 42. Ne6 R8f7 43. Nd8 Rf8 1/2-1/2

[Event "Druzynowe Mistrzostwa Polski - II Liga Seniorow"]
[Site "Ustron/Slaski Zwiazek Szachowy"]
[Date "2008.09.14"]
[Round "8.84"]
[White "Lusio, Stanislaw"]
[Black "Grabarczyk, Bogdan"]
[Result "0-1"]
[WhiteTitle "I"]
[BlackTitle "IM"]
[WhiteElo "1964"]
[BlackElo "2449"]

1. d4 g6 2. c4 Bg7 3. Nc3 c5 4. Nf3 cxd4 5. Nxd4 Nc6 6. e3 Nf6 7. Be2 O-O 8.
O-O Nxd4 9. Qxd4 d6 10. Qd3 Be6 11. e4 Rc8 12. Nd5 Nd7 13. Be3 Nc5 14. Bxc5
dxc5 15. Rab1 Bd7 16. b3 e6 17. Ne3 Bc6 18. Rbd1 Qc7 19. Nc2 Rcd8 20. Qe3 Qe5
21. Bf3 Qb2 22. Rc1 Bd4 23. Nxd4 Rxd4 24. e5 Bxf3 25. Qxf3 b6 26. Rb1 Qa3 27.
Qe2 Rfd8 28. Rbd1 Qa5 29. Rxd4 Rxd4 30. Rd1 Qxa2 31. Qf3 Qb2 32. Re1 a5 33. g3
Qd2 34. Re3 Qd1+ 35. Qxd1 Rxd1+ 36. Kg2 Kf8 37. h4 h5 38. f4 Ke7 39. Kf3 Rd2
40. Rc3 Kd7 41. g4 Kc6 42. gxh5 gxh5 43. Kg3 b5 44. f5 Rd4 45. fxe6 fxe6 0-1

[Event "Druzynowe Mistrzostwa Polski - II Liga Seniorow"]
[Site "Ustron/Slaski Zwiazek Szachowy"]
[Date "2008.09.14"]
[Round "8.85"]
[White "Duch, Mariusz"]
[Black "Lach, Ireneusz"]
[Result "1/2-1/2"]
[WhiteTitle "k"]
[BlackTitle "I"]
[WhiteElo "2269"]
[BlackElo "1999"]

1. d4 Nf6 2. c4 e6 3. g3 Be7 4. Bg2 O-O 5. Nf3 d6 6. O-O Nbd7 7. Nc3 c6 8. e4
e5 9. h3 Re8 10. Be3 Qc7 11. Rb1 a6 12. b4 b6 13. Qb3 Rb8 14. d5 c5 15. a3 Rf8
16. Nd2 Nh5 17. Kh2 Qd8 18. Qd1 g6 19. Bh6 Ng7 20. f4 f5 21. Nf3 cxb4 22. axb4
Bf6 23. Qd2 Re8 24. Rbe1 Qc7 25. Bxg7 Bxg7 26. exf5 gxf5 27. fxe5 Nxe5 28. Nxe5
Rxe5 29. Rxe5 Bxe5 30. Ne2 Qg7 31. Qd3 a5 32. Rb1 Ra8 33. Qa3 Qc7 34. c5 bxc5
35. bxc5 Ba6 36. cxd6 Bxd6 37. Qe3 Bxe2 38. Qxe2 Bxg3+ 39. Kh1 Qe5 40. Qc2 Rf8
41. Rf1 f4 1/2-1/2

[Event "Druzynowe Mistrzostwa Polski - II Liga Seniorow"]
[Site "Ustron/Slaski Zwiazek Szachowy"]
[Date "2008.09.14"]
[Round "8.86"]
[White "Pietal, Leszek"]
[Black "Flak, Pawel"]
[Result "0-1"]
[WhiteTitle "I"]
[BlackTitle "I++"]
[WhiteElo "1961"]
[BlackElo "2120"]

1. d4 b6 2. c4 Bb7 3. Nf3 e6 4. g3 d6 5. Bg2 Nd7 6. O-O e5 7. dxe5 dxe5 8. Nc3
Bd6 9. Qa4 Ne7 10. Nh4 Bxg2 11. Nxg2 O-O 12. Bg5 f6 13. Be3 Nf5 14. Rfd1 Rf7
15. Rd2 Nxe3 16. Nxe3 Nc5 17. Qc2 Qe8 18. Rad1 Ne6 19. Nf5 Bf8 20. e3 Ng5 21.
Kg2 g6 22. Nh4 Qe6 23. f4 Qg4 24. Rf1 Qh3+ 25. Kg1 exf4 26. exf4 Bc5+ 27. Rdf2
Bxf2+ 28. Qxf2 Raf8 29. Nf3 Nxf3+ 30. Qxf3 Qe6 31. b3 Re8 32. Rf2 Qe1+ 33. Rf1
Qe3+ 34. Qxe3 Rxe3 35. Nd5 Re2 36. Rf2 Rxf2 37. Kxf2 c6 38. Nc3 Re7 39. Nd1 b5
40. Ne3 Kf7 41. cxb5 cxb5 42. Ke2 Re6 43. Kd3 Ra6 44. Nd5 Rxa2 45. Nc3 Rxh2 46.
Nxb5 Rg2 47. Nxa7 Rxg3+ 48. Kc4 Rf3 49. b4 Rxf4+ 50. Kc5 Rf5+ 51. Kc6 h5 52. b5
Re5 53. b6 Re6+ 54. Kc7 Re7+ 55. Kc8 h4 56. Nc6 h3 57. Nxe7 h2 58. b7 h1=Q 0-1

[Event "Druzynowe Mistrzostwa Polski - II Liga Seniorow"]
[Site "Ustron/Slaski Zwiazek Szachowy"]
[Date "2008.09.14"]
[Round "8.87"]
[White "Wypych, Dominik"]
[Black "Lusio, Marek"]
[Result "1-0"]
[WhiteTitle "I"]
[BlackTitle "II"]
[WhiteElo "2085"]
[BlackElo "1824"]

1. d4 d5 2. c4 e6 3. g3 Nf6 4. Bg2 Bb4+ 5. Nd2 O-O 6. Qc2 Nbd7 7. Ngf3 Ne4 8.
a3 Bxd2+ 9. Nxd2 Nxd2 10. Bxd2 c6 11. O-O f5 12. f3 Nf6 13. Rad1 h6 14. Bb4 Re8
15. e4 a5 16. Be1 b6 17. Rf2 Qd7 18. cxd5 cxd5 19. e5 Nh7 20. Qb3 Qa7 21. Rc2
Ba6 22. Rc6 Rab8 23. Bf1 Bxf1 24. Kxf1 Qa6+ 25. Kf2 Re7 26. Rd2 g5 27. Rdc2 Nf8
28. Bd2 Ng6 29. Rd6 Nf8 30. Rcc6 Reb7 31. h4 a4 32. Qc3 Rg7 33. h5 Rgb7 34. Qc2
Qb5 35. Bb4 Rf7 36. Qe2 Qxe2+ 37. Kxe2 Rfb7 38. Kd3 Kf7 39. Bd2 b5 40. Bb4 Ra7
41. Kc3 Rab7 42. Bc5 Re8 43. Rb6 Reb8 44. Kb4 Rxb6 45. Rxb6 Rc8 46. Kxb5 Nd7
47. Rb7 Ke8 48. Ra7 Nxc5 49. dxc5 Rb8+ 50. Kc6 Rxb2 51. Kd6 Rb8 52. Rxa4 Rd8+
53. Kxe6 d4 54. c6 d3 55. c7 Rc8 56. Rd4 Rxc7 57. Rxd3 f4 58. gxf4 Re7+ 59. Kd5
Rf7 60. fxg5 hxg5 61. e6 Ra7 62. Ke5 Rh7 63. Rb3 Kd8 64. Kd6 Kc8 65. Rc3+ Kb8
66. e7 1-0

[Event "Druzynowe Mistrzostwa Polski - II Liga Seniorow"]
[Site "Ustron/Slaski Zwiazek Szachowy"]
[Date "2008.09.14"]
[Round "8.90"]
[White "Flis, Jacek"]
[Black "Szymanski, Piotr"]
[Result "1/2-1/2"]
[WhiteTitle "FM"]
[BlackTitle "k+"]
[WhiteElo "2302"]
[BlackElo "2210"]

1. e4 g6 2. d4 Bg7 3. c3 d6 4. f4 c5 5. dxc5 dxc5 6. Qxd8+ Kxd8 7. Bc4 e6 8.
Nf3 b6 9. O-O Ke7 10. f5 Ba6 11. Na3 Bxc4 12. Nxc4 f6 13. fxg6 hxg6 14. e5 Nc6
15. exf6+ Bxf6 16. Bf4 Rd8 17. Rad1 Rh5 18. Rxd8 Kxd8 19. Re1 Kd7 20. Nce5+
Nxe5 21. Nxe5+ Bxe5 22. Bxe5 Ne7 23. g4 Rh4 24. Re4 Nc6 25. Bg3 Rh7 26. Re2 g5
27. Kg2 Ke7 28. Rd2 Rh6 29. Bd6+ Ke8 30. Bg3 Ke7 31. Rd6 Nd8 32. b4 cxb4 33.
cxb4 Rh8 34. Rd3 Nc6 35. b5 Na5 36. Bd6+ Ke8 37. Rc3 Kd7 38. Be5 Rd8 39. Rd3+
Ke8 40. Rxd8+ Kxd8 41. Bf6+ Ke8 42. Bxg5 Nc4 43. Bc1 Nd6 44. a4 Ne4 45. Kf3 Nc3
46. Bb2 Nxa4 47. Bd4 Kf7 48. Ke4 Kg6 49. h4 Nc5+ 50. Bxc5 bxc5 51. Ke5 Kg7 52.
h5 Kh6 53. Kf6 c4 54. g5+ Kxh5 55. g6 c3 56. g7 c2 57. g8=Q c1=Q 1/2-1/2